| 000 | 00459nam a2200181Ia 4500 | ||
|---|---|---|---|
| 001 | 2655 | ||
| 005 | 20260306144823.0 | ||
| 008 | 260306t2008||||xx |||||||||||||| ||spa|| | ||
| 041 | _aESP | ||
| 082 |
_a200.98 _bP48 |
||
| 100 |
_aPeterson, Anna L. _eAUT |
||
| 245 | 0 |
_aLatin american religions: _bhistories and documents in context |
|
| 260 | _c2008 | ||
| 300 |
_axii, 324 páginas : _c23 cm. |
||
| 650 | _aGEN | ||
| 654 | _aCHU | ||
| 942 |
_cLIB _dJUS _fJUS _2ddc _n |
||
| 999 |
_c2655 _d2655 |
||